| 000 | 01483nam a22003374a 4500 | ||
|---|---|---|---|
| 001 | ebr10201448 | ||
| 003 | CaPaEBR | ||
| 006 | m u | ||
| 007 | cr cn||||||||| | ||
| 008 | 061018s2006 si a s 100 0 eng c | ||
| 010 | _z 2006284748 | ||
| 020 | _z9812566147 | ||
| 040 |
_aCaPaEBR _cCaPaEBR |
||
| 035 | _a(OCoLC)614464313 | ||
| 050 | 1 | 4 |
_aQA76.889 _b.Q8484 2006eb |
| 245 | 0 | 0 |
_aQuantum information and computing _h[electronic resource] / _ceditors, L. Accardi, M. Ohya and N. Watanabe. |
| 260 |
_aSingapore ; _aHackensack, N.J. : _bWorld Scientific, _cc2006. |
||
| 300 |
_aix, 384 p. : _bill. |
||
| 490 | 1 |
_aQP-PQ, quantum probability and white noise analysis ; _v19 |
|
| 500 | _aPapers presented at the international conference on "Quantum Information 2003" held at various locations in Japan. | ||
| 533 |
_aElectronic reproduction. _bPalo Alto, Calif. : _cebrary, _d2013. _nAvailable via World Wide Web. _nAccess may be limited to ebrary affiliated libraries. |
||
| 650 | 0 |
_aQuantum computers _vCongresses. |
|
| 650 | 0 |
_aQuantum theory _vCongresses. |
|
| 655 | 7 |
_aElectronic books. _2local |
|
| 700 | 1 |
_aAccardi, L. _q(Luigi), _d1947- |
|
| 700 | 1 |
_aOhya, Masanori, _d1947- |
|
| 700 | 1 |
_aWatanabe, N. _q(Noboru), _d1938- |
|
| 710 | 2 | _aebrary, Inc. | |
| 830 | 0 |
_aQP-PQ, quantum probability and white noise analysis ; _vv. 19. |
|
| 856 | 4 | 0 |
_uhttp://site.ebrary.com/lib/rucke/Doc?id=10201448 _zAn electronic book accessible through the World Wide Web; click to view |
| 999 |
_c120157 _d120157 |
||